00382nam a2200121 a 450000100100000000500170001000800410002704000250006811000520009324500240014526000560016930000350022500003116620200930062739.0110614s2004 dr ac 000 0 spa d aDO-SdBNPbspacBNPHU1 aConsejo de Fundaciones Americanas de Desarrollo10aInforme anual 2004. aSanto Domingo :bSolidarios,c2004fAmigo del Hogar a48 p. :bil., retrs. ;c28 cm.